<?xml version="1.0" encoding="UTF-8"?>
<marc:record xmlns:marc="http://www.loc.gov/MARC21/slim">
   <marc:leader>00000nam a2200000 a 4500</marc:leader>
   <marc:datafield ind1=" " ind2=" " tag="653">
      <marc:subfield code="a">Ernährung</marc:subfield>
   </marc:datafield>
   <marc:datafield ind1="0" ind2="0" tag="245">
      <marc:subfield code="a">Ernährung</marc:subfield>
   </marc:datafield>
   <marc:datafield ind1="0" ind2="0" tag="245">
      <marc:subfield code="b">von gesunder Kost bis Genfood - alles, was man über Ernährung wissen muss</marc:subfield>
   </marc:datafield>
   <marc:datafield ind1="0" ind2="0" tag="245">
      <marc:subfield code="c">Text von Laura Buller</marc:subfield>
   </marc:datafield>
   <marc:datafield ind1=" " ind2="1" tag="264">
      <marc:subfield code="a">Hildesheim</marc:subfield>
      <marc:subfield code="b">Gerstenberg</marc:subfield>
      <marc:subfield code="c">2006</marc:subfield>
   </marc:datafield>
   <marc:datafield ind1="1" ind2=" " tag="520">
      <marc:subfield code="a">Vitamine, Fleisch und Gemüse - bunt und "knackig" aufbereitet. (JN)      In bewährter Weise wird im Sachbuch der Reihe "Sehen Staunen Wissen" detailgenau Thema für Thema abgehandelt - Ernährungspyramide, Kohlenhydrate, Informationen über Allergien oder die Verdauung sind zu finden.  Auf jeder Seite gibt es einen Haupttext, der dann in Bildern mit kleingedrucktem Subtext näher erklärt wird. Schöne Fotos und eindrucksvolle Schaubilder ergänzen den informativen Text. Ein Sachbuch, das sich vor allem für den Einsatz in Schulen (Referate, Unterricht) gut eignet.   *bn* Angela Zemanek-Hackl</marc:subfield>
   </marc:datafield>
   <marc:datafield ind1=" " ind2=" " tag="020">
      <marc:subfield code="a">9783806755350</marc:subfield>
      <marc:subfield code="9">9783806755350</marc:subfield>
   </marc:datafield>
   <marc:datafield ind1=" " ind2=" " tag="041">
      <marc:subfield code="a">ger</marc:subfield>
   </marc:datafield>
   <marc:datafield ind1=" " ind2=" " tag="300">
      <marc:subfield code="a">64 S. : Ill. (farb.)</marc:subfield>
   </marc:datafield>
</marc:record>
